00604 2200217 4500001002100000005001700021008004100038035002500079043001200104082001000116090001600126100002100142245010600163250001000269260003100279300002700310504001600337650001000353850001200363990001100375INLIS00000000000727220150630100620.0 ind  a0010-061500000001393 aYOPDYOG a636.3 a636.3 Cah B aCAHYONO, Bambang aBeternak domba dan kambing :bcara meningkatkan bobot dan analisis kelayakan usaha /cBambang Cahyono aCet.1 aYogyakartabKanisiusc1998 a100 hlm.bilus.c21 cm ahlm. 99-100 aDomba aYOPDYOG a175-PK